000 00356nam a2200133Ia 4500
008 230917s9999||||xx |||||||||||||| ||und||
040 _e183946
_aMAIN
041 _aEnglish
082 _a34:331 S869I
100 _aSangwan, Manvir Singh
245 0 _aIndustrial visit report of Dominat Offset Pvt. Ltd. , Gurgaon, haryana
300 _a23 p.
942 _cTH
999 _c86839
_d86839